logo

Bir Sreshtho Munshi Abdur Rouf Library
Jhenaidah Cadet College

উচ্চ মাধ্যমিক রসায়ন প্রথম পত্র / (Record no. 5698)

MARC details
000 -LEADER
fixed length control field 00810nam a2200229 a 4500
001 - CONTROL NUMBER
JCCL Control Number 5698
003 - CONTROL NUMBER IDENTIFIER
JCCL marc code BD-JhCC
005 - DATE AND TIME OF LATEST TRANSACTION
control field 20221201134023.0
008 - FIXED-LENGTH DATA ELEMENTS--GENERAL INFORMATION
fixed length control field 171219s19982011bg a|||| || | 000 0 eng d
035 ## - SYSTEM CONTROL NUMBER
system control number (BD-JhCC)5698
040 ## - CATALOGING SOURCE
Original cataloging agency BD-JhCC
Modifying agency BD-JhCC
041 ## - LANGUAGE CODE
Language code of Book eng
082 ## - DEWEY DECIMAL CLASSIFICATION NUMBER
Classification number 540
Author mark and Year HAZ 2011
100 ## - MAIN ENTRY--PERSONAL NAME
Personal name হাজারী, সরোজ কান্তি সিংহ
245 ## - TITLE STATEMENT
Title উচ্চ মাধ্যমিক রসায়ন প্রথম পত্র /
Statement of responsibility, etc সরোজ কান্তি সিংহ হাজারী এবং হারাধন নাগ
260 ## - PUBLICATION, DISTRIBUTION, ETC. (IMPRINT)
Place of publication, distribution, etc ঢাকা :
Name of publisher, distributor, etc হাসান বুক হাউস,
Date of publication, distribution, etc 2011
300 ## - PHYSICAL DESCRIPTION
Pagination 603 p. :
Dimensions 24 cm.
650 ## - SUBJECT ADDED ENTRY--TOPICAL TERM
Topical term or geographic name as entry element Chemistry
700 ## - ADDED ENTRY--PERSONAL NAME
Personal name নাগ, হারাধন
942 ## - ADDED ENTRY ELEMENTS (KOHA)
Source of classification or shelving scheme Dewey Decimal Classification
Koha item type Books
Koha issues (borrowed), all copies 22
Holdings
Source of classification or shelving scheme Damaged status Not for loan Home library Current library Shelving location Date of accession Cost, normal purchase price Total Checkouts Full call number Barcode Date last seen Date checked out Copy number Koha item type Checked out
Dewey Decimal Classification     JCC Rouf Library JCC Rouf Library General Stacks 10/31/2023 165.00 6 540 HAZ 2011 7969 06/06/2024 05/29/2024 C-1 Books  
Dewey Decimal Classification     JCC Rouf Library JCC Rouf Library General Stacks 02/14/2018   4 540 HAZ 2011 8961 10/28/2024 10/27/2024 C-2 Books  
Dewey Decimal Classification     JCC Rouf Library JCC Rouf Library General Stacks 02/24/2018 117.00 1 540 HAZ 2011 10859 02/28/2024 01/17/2024 C-3 Books  
Dewey Decimal Classification     JCC Rouf Library JCC Rouf Library General Stacks 03/01/2018 117.00 2 540 HAZ 2011 10936 06/02/2024 05/29/2024 C- 4 Books  
Dewey Decimal Classification     JCC Rouf Library JCC Rouf Library General Stacks 08/28/2019 268.00 12 540 HAZ 2019 15587 05/27/2025 05/27/2025 C-5 Books 07/01/2025
Dewey Decimal Classification     JCC Rouf Library JCC Rouf Library General Stacks 08/28/2019 268.00 8 540 HAZ 2019 15586 10/03/2024 09/26/2024 C-6 Books  
Dewey Decimal Classification     JCC Rouf Library JCC Rouf Library General Stacks 08/28/2019 268.00 15 540 HAZ 2019 15585 10/26/2025 10/26/2025 C-7 Books 11/30/2025

JCC Library | Contacts | JCC Home

Last Update on 23 September 2017
Copyright @ 2017-2020 JCC Rouf Library
Rouf Library, Jhenidah Cadet College (JCC), Bangladesh